[Event "BCF-ch"]
[Site "Hull"]
[Date "2024.07.30"]
[Round "4"]
[White "Rudd, Jack"]
[Black "Kanyamarala, Tarun"]
[Result "0-1"]
[WhiteElo "2243"]
[BlackElo "2337"]
[PlyCount "114"]
[EventDate "2024.07.27"]
[EventType "swiss"]
[EventRounds "9"]
[EventCountry "ENG"]
[SourceTitle "CB32_2024"]
[SourceDate "2024.08.08"]
[SourceVersion "1"]
[SourceVersionDate "2024.08.08"]
[SourceQuality "1"]

1. d4 Nf6 2. c4 e6 3. Nf3 d5 4. cxd5 exd5 5. Nc3 c6 6. Bg5 h6 7. Bh4 Bf5 8. e3 Nbd7 9. Bd3 Bxd3 10. Qxd3 Bd6 11. 0-0 0-0 12. Rab1 Qe7 13. Rfe1 Qe6 14. b4 b5 15. a4 a5 16. axb5 axb4 17. bxc6 Ra3 18. cxd7 Rxc3 19. Qb5 Nxd7 20. Nd2 Rb8 21. Qa4 Nb6 22. Qd1 Nc4 23. Nb3 Na3 24. Rb2 Rbc8 25. Bg3 Bf8 26. Nc5 Bxc5 27. dxc5 R3xc5 28. h3 Nc2 29. Rf1 Rc3 30. Qd2 R8c6 31. Rd1 R6c5 32. Kh2 Qf6 33. Rdb1 Na3 34. Rxb4 Nxb1 35. Rxb1 Qe6 36. Rb7 Rc8 37. Qd4 R3c4 38. Qa7 Re8 39. Rd7 Rc6 40. Qb7 Rec8 41. Re7 Qf6 42. Qd7 Rc1 43. Re5 Rd8 44. Qg4 Kh7 45. Rf5 Qe6 46. Qf3 f6 47. Rf4 Rc4 48. Qd1 Rxf4 49. Bxf4 Qe4 50. Bc7 Rc8 51. Bg3 Rc2 52. f3 Qc4 53. Bd6 Kh8 54. Kg3 Qa2 55. Qf1 Qb3 56. Qe1 Qb2 57. Qf1 Qb6 0-1

[Event "London Mindsports op 4th"]
[Site "London"]
[Date "2024.07.21"]
[Round "6"]
[White "Rudd, Jack"]
[Black "Antolak, Julia"]
[Result "1/2-1/2"]
[WhiteElo "2243"]
[BlackElo "2333"]
[PlyCount "100"]
[EventDate "2024.07.18"]
[EventType "swiss"]
[EventRounds "9"]
[EventCountry "ENG"]
[SourceTitle "CB30_2024"]
[SourceDate "2024.07.24"]
[SourceVersion "1"]
[SourceVersionDate "2024.07.24"]
[SourceQuality "1"]

1. d4 Nf6 2. c4 e6 3. g3 c5 4. d5 exd5 5. cxd5 d6 6. Bg2 g6 7. Nc3 Bg7 8. Nf3 0-0 9. 0-0 Re8 10. Nd2 a6 11. a4 Nbd7 12. Nc4 Ne5 13. Na3 Bd7 14. f4 Neg4 15. Nc4 Nh5 16. e3 b5 17. axb5 axb5 18. Rxa8 Qxa8 19. Nb6 Qd8 20. Nxd7 Qxd7 21. Re1 f5 22. Bf3 b4 23. Na4 Nhf6 24. h3 Nh6 25. b3 Ne4 26. Bxe4 Rxe4 27. Qd3 c4 28. Nb6 cxd3 29. Nxd7 Re7 30. Nb6 Bc3 31. Rd1 d2 32. Bxd2 Bxd2 33. Rxd2 Rxe3 34. Nc4 Rxg3+ 35. Kh2 Rxb3 36. Nxd6 Nf7 37. Nb7 Rc3 38. d6 b3 39. Rd4 b2 40. Rb4 Rc2+ 41. Kg3 Rd2 42. d7 Rd3+ 43. Kg2 Rxd7 44. Rxb2 Rc7 45. Rb6 Rc2+ 46. Kg3 Rd2 47. Rc6 Rd7 48. Nc5 Rd6 49. Rc7 h6 50. h4 g5 1/2-1/2

[Event "London Mindsports op 4th"]
[Site "London"]
[Date "2024.07.20"]
[Round "4"]
[White "Rudd, Jack"]
[Black "Teclaf, Pawel"]
[Result "0-1"]
[WhiteElo "2243"]
[BlackElo "2559"]
[PlyCount "52"]
[EventDate "2024.07.18"]
[EventType "swiss"]
[EventRounds "9"]
[EventCountry "ENG"]
[SourceTitle "CB30_2024"]
[SourceDate "2024.07.24"]
[SourceVersion "1"]
[SourceVersionDate "2024.07.24"]
[SourceQuality "1"]

1. d4 Nf6 2. Bg5 e6 3. e4 h6 4. Bxf6 Qxf6 5. c3 c5 6. Nf3 cxd4 7. cxd4 Bb4+ 8. Nc3 Bxc3+ 9. bxc3 d6 10. Bb5+ Bd7 11. Rb1 Bxb5 12. Rxb5 Qe7 13. 0-0 0-0 14. Qb3 b6 15. a4 Nc6 16. Nd2 Rac8 17. Nc4 Qc7 18. e5 Nxd4 19. cxd4 Qxc4 20. exd6 Qxb3 21. Rxb3 Rfd8 22. a5 bxa5 23. Ra3 Rxd6 24. Rxa5 Rc7 25. Ra4 Rcd7 26. Rd1 e5 0-1

[Event "London Mindsports op 4th"]
[Site "London"]
[Date "2024.07.18"]
[Round "1"]
[White "Fernandez, Daniel Howard"]
[Black "Rudd, Jack"]
[Result "1-0"]
[WhiteElo "2525"]
[BlackElo "2243"]
[PlyCount "91"]
[EventDate "2024.07.18"]
[EventType "swiss"]
[EventRounds "9"]
[EventCountry "ENG"]
[SourceTitle "CB30_2024"]
[SourceDate "2024.07.24"]
[SourceVersion "1"]
[SourceVersionDate "2024.07.24"]
[SourceQuality "1"]

1. e4 c5 2. Nf3 e6 3. c3 d5 4. exd5 exd5 5. d4 Nf6 6. Bg5 Be7 7. dxc5 Bxc5 8. Bb5+ Nc6 9. 0-0 Be6 10. Nd4 Qb6 11. Bxf6 gxf6 12. Nxe6 fxe6 13. Qe2 Kd7 14. Nd2 Rae8 15. b4 Bd6 16. c4 Qd4 17. Rad1 Qe5 18. Qxe5 fxe5 19. Ne4 Bxb4 20. Nf6+ Kd6 21. cxd5 exd5 22. Nxd5 Kc5 23. Bxc6 bxc6 24. Nxb4 Kxb4 25. Rd3 Rd8 26. Rb3+ Ka4 27. Rc3 Rd6 28. Re1 Rb8 29. g3 Rb5 30. Kg2 Ka5 31. Re2 Kb6 32. h4 a5 33. a4 Rb4 34. Rxe5 Rxa4 35. Re8 h6 36. f3 Ra2+ 37. Kh3 a4 38. Kg4 Rad2 39. Rb8+ Kc7 40. Rb4 Ra2 41. Kh5 a3 42. Ra4 Rg2 43. g4 a2 44. Rca3 Rd5+ 45. Kxh6 Re2 46. Ra7+ 1-0

[Event "South Wales op 19th"]
[Site "Bridgend"]
[Date "2024.07.05"]
[Round "1"]
[White "Rudd, Jack"]
[Black "Hannigan, Jack"]
[Result "1-0"]
[WhiteElo "2243"]
[BlackElo "1827"]
[PlyCount "61"]
[EventDate "2024.07.05"]
[EventType "swiss"]
[EventRounds "9"]
[EventCountry "WLS"]
[SourceTitle "CB29_2024"]
[SourceDate "2024.05.01"]
[SourceVersion "1"]
[SourceVersionDate "2024.05.01"]
[SourceQuality "1"]

1. d4 Nf6 2. c4 c5 3. d5 e5 4. Nc3 d6 5. e4 Be7 6. f4 exf4 7. Bxf4 Nbd7 8. Nf3 Nh5 9. Be3 g6 10. g4 Ng7 11. g5 Ne5 12. Nxe5 dxe5 13. Qd2 Bd6 14. 0-0-0 Bd7 15. Be2 Qe7 16. Rdf1 0-0-0 17. Bd1 Rhf8 18. Ba4 a6 19. Bxd7+ Qxd7 20. Qf2 Nh5 21. Bxc5 Bxc5 22. Qxc5+ Qc7 23. Qxc7+ Kxc7 24. Kd2 Nf4 25. Ne2 Ne6 26. Ke3 Ng7 27. Rf2 b6 28. Rhf1 Rd7 29. b4 Ne8 30. c5 b5 31. Nc1 1-0

[Event "Hastings Masters op"]
[Site "Hastings"]
[Date "2024.01.02"]
[Round "6"]
[White "Rudd, Jack"]
[Black "Verbytski, Oleg"]
[Result "1-0"]
[WhiteElo "2314"]
[BlackElo "1771"]
[PlyCount "123"]
[EventDate "2023.12.28"]
[EventType "swiss"]
[EventRounds "9"]
[EventCountry "ENG"]
[SourceTitle "CB02_2024"]
[SourceDate "2024.01.10"]
[SourceVersion "1"]
[SourceVersionDate "2024.01.10"]
[SourceQuality "1"]

1. d4 d5 2. c4 e6 3. Nc3 Nf6 4. cxd5 exd5 5. Bg5 Nbd7 6. e3 Be7 7. Bd3 0-0 8. Qc2 Re8 9. Nf3 c6 10. 0-0 h6 11. Bf4 Nf8 12. h3 Bd6 13. Bxd6 Qxd6 14. Rab1 a5 15. a3 N8d7 16. b4 b5 17. bxa5 Qxa3 18. Bxb5 Qd6 19. Bd3 Rxa5 20. Rfc1 Ba6 21. Bf5 Bc4 22. Nd2 c5 23. Nxc4 dxc4 24. Nb5 Qe7 25. Qxc4 cxd4 26. Nxd4 Ne5 27. Qc3 Ra3 28. Qc7 g6 29. Qxe7 Rxe7 30. Rc8+ Kg7 31. Bc2 h5 32. Rb5 Ra1+ 33. Kh2 Rf1 34. f3 h4 35. Rb1 Rxb1 36. Bxb1 Nh5 37. f4 Nd7 38. Rc3 Ndf6 39. Nc6 Rc7 40. Rc5 Ng3 41. Kg1 Rd7 42. Nd4 Nd5 43. Kf2 Nxf4 44. Rc4 Nfh5 45. Bc2 g5 46. Rc5 f6 47. Kf3 Rb7 48. Ne6+ Kh6 49. Rc8 f5 50. Rc6 Rf7 51. Nd4+ Kg7 52. Bb3 Rf6 53. Rc7+ Kg6 54. Nc6 Kh6 55. Ne7 Ra6 56. Ng8+ Kg6 57. Bf7+ Kg7 58. Bc4+ Kg6 59. Bxa6 g4+ 60. hxg4 fxg4+ 61. Kxg4 h3 62. Bd3+ 1-0

[Event "Hastings Masters op"]
[Site "Hastings"]
[Date "2023.12.30"]
[Round "3"]
[White "Hng, Mei Xian Eunice"]
[Black "Rudd, Jack"]
[Result "1/2-1/2"]
[WhiteElo "2014"]
[BlackElo "2314"]
[PlyCount "150"]
[EventDate "2023.12.28"]
[EventType "swiss"]
[EventRounds "9"]
[EventCountry "ENG"]
[SourceTitle "CB02_2024"]
[SourceDate "2024.01.10"]
[SourceVersion "1"]
[SourceVersionDate "2024.01.10"]
[SourceQuality "1"]

1. Nf3 d5 2. c4 d4 3. e3 Nc6 4. exd4 Nxd4 5. Nxd4 Qxd4 6. Nc3 Nf6 7. Nb5 Qd8 8. d3 c6 9. Nc3 Bg4 10. Be2 Bxe2 11. Qxe2 e6 12. Be3 c5 13. Rd1 Be7 14. 0-0 0-0 15. Rd2 a6 16. a3 Qc7 17. h3 Qc6 18. a4 Nd7 19. Re1 Bf6 20. d4 cxd4 21. Bxd4 Bxd4 22. Rxd4 Nc5 23. Qd1 Qb6 24. Qc2 g6 25. Red1 Rac8 26. Rh4 Rfd8 27. Rxd8+ Rxd8 28. Ne4 Nxe4 29. Rxe4 Qc5 30. b3 b6 31. Qc3 Rd1+ 32. Re1 Rd4 33. Qg3 Rd2 34. Qe3 Qd6 35. a5 bxa5 36. c5 Qd5 37. Qc3 Rd3 38. Qxa5 Rxb3 39. Rc1 Rb5 40. Qxa6 Rxc5 41. Rxc5 Qxc5 42. Qa8+ Kg7 43. Qe4 Qd5 44. Qe3 h5 45. Qc3+ e5 46. Qc2 Qd4 47. Qc6 g5 48. Qf3 h4 49. Qf5 Qf4 50. Qd7 Qc4 51. Qd2 Kg6 52. Qd6+ Qe6 53. Qd8 e4 54. Qg8+ Kf5 55. Qf8 Qc4 56. Qe8 Qc1+ 57. Kh2 Qc7+ 58. Kg1 f6 59. Qb5+ Qe5 60. Qd7+ Qe6 61. Qh7+ Ke5 62. Qc7+ Qd6 63. Qc3+ Ke6 64. Qc4+ Qd5 65. Qc8+ Kf7 66. Qc7+ Kg6 67. Qc8 Qf7 68. Qc6 Qe7 69. Qc4 Qb7 70. Qg8+ Kf5 71. Qe8 Qb1+ 72. Kh2 Qd3 73. Qc8+ Ke5 74. Qe8+ Kd5 75. Qd8+ Ke5 1/2-1/2

[Event "London GM-B"]
[Site "London"]
[Date "2023.12.09"]
[Round "9"]
[White "Rudd, Jack"]
[Black "Gedajlovic, Max"]
[Result "0-1"]
[WhiteElo "2314"]
[BlackElo "2390"]
[PlyCount "40"]
[EventDate "2023.12.05"]
[EventType "tourn"]
[EventRounds "9"]
[EventCountry "ENG"]
[EventCategory "5"]
[SourceTitle "CB50_2023"]
[SourceDate "2023.12.13"]
[SourceVersion "1"]
[SourceVersionDate "2023.12.13"]
[SourceQuality "1"]

1. d4 Nf6 2. c4 e6 3. Nc3 Bb4 4. f3 d6 5. e4 c5 6. d5 b5 7. Bd2 a6 8. a3 Ba5 9. Bd3 Nbd7 10. dxe6 fxe6 11. cxb5 Ne5 12. Bf4 Nxd3+ 13. Qxd3 d5 14. exd5 exd5 15. 0-0-0 0-0 16. Nge2 Be6 17. Qe3 Qc8 18. Na4 d4 19. Qe5 Bb3 20. Nxc5 Re8 0-1

[Event "London GM-B"]
[Site "London"]
[Date "2023.12.05"]
[Round "1"]
[White "Stremavicius, Pijus"]
[Black "Rudd, Jack"]
[Result "1-0"]
[WhiteElo "2367"]
[BlackElo "2314"]
[PlyCount "37"]
[EventDate "2023.12.05"]
[EventType "tourn"]
[EventRounds "9"]
[EventCountry "ENG"]
[EventCategory "5"]
[SourceTitle "CB50_2023"]
[SourceDate "2023.12.13"]
[SourceVersion "1"]
[SourceVersionDate "2023.12.13"]
[SourceQuality "1"]

1. e4 d5 2. exd5 Qxd5 3. Nc3 Qa5 4. d4 Nf6 5. Nf3 Bg4 6. h3 Bh5 7. g4 Bg6 8. Ne5 c6 9. h4 Nbd7 10. Nc4 Qc7 11. h5 Be4 12. Nxe4 Nxe4 13. Qf3 Nd6 14. Bf4 Nb6 15. 0-0-0 e6 16. g5 Nbxc4 17. Bxc4 Qa5 18. Bb3 Qf5 19. Rhe1 1-0

[Event "GBR-ch 109th"]
[Site "Leicester"]
[Date "2023.07.30"]
[Round "9"]
[White "Rudd, Jack"]
[Black "Chan, Sheng Liang Bernard"]
[Result "1-0"]
[WhiteElo "2276"]
[BlackElo "2078"]
[PlyCount "163"]
[EventDate "2023.07.22"]
[EventType "swiss"]
[EventRounds "9"]
[EventCountry "ENG"]
[SourceTitle "CBM 215 Extra"]
[Source "ChessBase"]
[SourceDate "2023.09.30"]
[SourceVersion "1"]
[SourceVersionDate "2023.09.30"]
[SourceQuality "1"]

1. d4 Nf6 2. c4 e6 3. Nc3 Bb4 4. e3 0-0 5. Bd3 d5 6. Nf3 dxc4 7. Bxc4 c5 8. a3 Bxc3+ 9. bxc3 Qc7 10. Qc2 b6 11. 0-0 Bb7 12. Bd3 Nbd7 13. Bb2 Rac8 14. Qe2 e5 15. dxe5 Nxe5 16. Nxe5 Qxe5 17. c4 Qe7 18. a4 Be4 19. Bxe4 Nxe4 20. Rfd1 Rcd8 21. a5 Qe6 22. axb6 Qxb6 23. h3 Qb3 24. Rxd8 Rxd8 25. Bxg7 Kxg7 26. Qg4+ Kf8 27. Qxe4 Rd1+ 28. Rxd1 Qxd1+ 29. Kh2 Qd6+ 30. g3 Qe6 31. Qxh7 Qxc4 32. Qh8+ Ke7 33. Qe5+ Kd7 34. h4 Qc2 35. Kg2 c4 36. h5 Qd3 37. Qb5+ Ke7 38. g4 a6 39. Qe5+ Kd7 40. h6 c3 41. h7 Qxh7 42. Qxc3 Qg6 43. Qd4+ Kc6 44. f3 Kb5 45. e4 a5 46. Kg3 a4 47. Qd5+ Kb4 48. e5 Qe6 49. Qd4+ Qc4 50. Qb6+ Kc3 51. g5 a3 52. g6 fxg6 53. e6 a2 54. Qe3+ Qd3 55. Qc5+ Qc4 56. Qa5+ Kb2 57. e7 a1Q 58. Qxa1+ Kxa1 59. e8Q Qd4 60. Qe2 Qd6+ 61. f4 Kb1 62. Qe4+ Kc1 63. Kg4 Qd1+ 64. Kg5 Qg1+ 65. Kf6 Qg4 66. Qe5 Kd2 67. Qg5 Qd7 68. f5+ Kd3 69. Qg3+ Ke4 70. Qe5+ Kf3 71. Kxg6 Qd3 72. Qh2 Kg4 73. Qg2+ Kf4 74. Qg5+ Ke5 75. Qf6+ Kf4 76. Qh4+ Ke5 77. Qh2+ Kd5 78. Qf4 Qb1 79. Qe3 Kc6 80. Kg5 Kd7 81. f6 Qh7 82. Qa7+ 1-0

[Event "Stafford Wood Green Blitz op"]
[Site "Stafford"]
[Date "2023.07.16"]
[Round "1.3"]
[White "Rudd, Jack"]
[Black "Richardson, Alex"]
[Result "1-0"]
[WhiteElo "2374"]
[BlackElo "2154"]
[PlyCount "71"]
[EventDate "2023.07.16"]
[EventType "swiss"]
[EventRounds "9"]
[EventCountry "ENG"]
[SourceTitle "CBM 215 Extra"]
[Source "ChessBase"]
[SourceDate "2023.09.30"]
[SourceVersion "1"]
[SourceVersionDate "2023.09.30"]
[SourceQuality "1"]

1. d4 Nf6 2. c4 e6 3. Nc3 Bb4 4. f3 c5 5. d5 d6 6. e4 Bxc3+ 7. bxc3 e5 8. Bd3 Nbd7 9. Ne2 Nf8 10. 0-0 Ng6 11. g3 Bh3 12. Rf2 Qe7 13. Rb1 Kd8 14. Qb3 Rb8 15. Kh1 Bc8 16. Qa4 b6 17. Qc2 Ba6 18. a4 Kc7 19. Qa2 Ra8 20. Ng1 Rhb8 21. Rfb2 h5 22. Bg5 h4 23. gxh4 Nf4 24. Bf1 Qd7 25. a5 Bc8 26. Bxf4 exf4 27. Ne2 Nh5 28. Rb5 Qe7 29. Qb2 Qxh4 30. axb6+ axb6 31. Rxb6 Ng3+ 32. Nxg3 fxg3 33. Rxb8 Rxb8 34. Qxb8+ Kd8 35. Qxd6+ Ke8 36. Qxg3 1-0

[Event "Stafford Wood Green Blitz op"]
[Site "Stafford"]
[Date "2023.07.16"]
[Round "2.1"]
[White "Sousa, Andre Ventura"]
[Black "Rudd, Jack"]
[Result "0-1"]
[WhiteElo "2346"]
[BlackElo "2374"]
[PlyCount "123"]
[EventDate "2023.07.16"]
[EventType "swiss"]
[EventRounds "9"]
[EventCountry "ENG"]
[SourceTitle "CBM 215 Extra"]
[Source "ChessBase"]
[SourceDate "2023.09.30"]
[SourceVersion "1"]
[SourceVersionDate "2023.09.30"]
[SourceQuality "1"]

1. e4 c5 2. Nf3 d6 3. Bb5+ Nd7 4. a4 a6 5. Bc4 Ngf6 6. Nc3 e6 7. 0-0 Be7 8. d4 cxd4 9. Qxd4 0-0 10. a5 Qc7 11. Rd1 b5 12. axb6 Nxb6 13. Bf1 Bb7 14. Bg5 Rfc8 15. Bh4 Rab8 16. Bxa6 Bxa6 17. Rxa6 Qb7 18. Ra2 Rc4 19. Qd3 Rbc8 20. Nd2 R4c6 21. h3 Nbd7 22. Rda1 Nc5 23. Qe2 Nfxe4 24. Ncxe4 Bxh4 25. Nxc5 Rxc5 26. c3 g6 27. Qe4 Qxe4 28. Nxe4 R5c6 29. g3 Be7 30. Ra7 R8c7 31. Rxc7 Rxc7 32. Kf1 d5 33. Nd2 Rb7 34. Ra2 Kg7 35. Ke2 h5 36. Kd3 Bc5 37. f3 Kf6 38. b4 Bf2 39. g4 hxg4 40. hxg4 Bg3 41. Nb3 Bd6 42. Ra6 Be7 43. Nd4 Kg5 44. Ke3 Bf6 45. Ra8 Bxd4+ 46. Kxd4 Kf4 47. Kc5 Rc7+ 48. Kd4 Rc4+ 49. Kd3 Kxf3 50. b5 Rc5 51. Rf8 f5 52. gxf5 exf5 53. Rf6 Rxb5 54. Rxg6 f4 55. Rf6 Ra5 56. Kd4 Kg3 57. Rg6+ Kf2 58. Rg5 f3 59. c4 Ke2 60. cxd5 Ra4+ 61. Ke5 Ke3 62. Rg3 0-1

[Event "Stafford Wood Green"]
[Site "Stafford"]
[Date "2023.07.15"]
[Round "3"]
[White "Ghasi, Ameet K"]
[Black "Rudd, Jack"]
[Result "1-0"]
[WhiteElo "2495"]
[BlackElo "2276"]
[PlyCount "71"]
[EventDate "2023.07.14"]
[EventType "tourn"]
[EventRounds "9"]
[EventCountry "ENG"]
[EventCategory "6"]
[SourceTitle "CBM 215 Extra"]
[Source "ChessBase"]
[SourceDate "2023.09.30"]
[SourceVersion "1"]
[SourceVersionDate "2023.09.30"]
[SourceQuality "1"]

1. Nf3 Nf6 2. g3 b5 3. Bg2 Bb7 4. d3 e6 5. e4 d5 6. e5 Nfd7 7. 0-0 c5 8. Bf4 Nc6 9. h4 Be7 10. Re1 h6 11. h5 Nf8 12. c4 bxc4 13. dxc4 d4 14. Qa4 Qd7 15. Nh2 Nd8 16. Qd1 Bxg2 17. Kxg2 Rb8 18. b3 a5 19. Na3 Nc6 20. Nb5 Nh7 21. Qg4 Kf8 22. Bd2 Nb4 23. Bxb4 axb4 24. a3 bxa3 25. Rxa3 Qc6+ 26. Qf3 Qxf3+ 27. Nxf3 g6 28. hxg6 fxg6 29. Ra7 Ng5 30. Nd2 Nf7 31. Ra6 Nd8 32. Ne4 Rh7 33. Rea1 Rf7 34. Ra8 Rxa8 35. Rxa8 Kg7 36. Nxc5 1-0

[Event "Stafford Wood Green"]
[Site "Stafford"]
[Date "2023.07.15"]
[Round "4"]
[White "Rudd, Jack"]
[Black "Gordon, Frederick"]
[Result "1-0"]
[WhiteElo "2276"]
[BlackElo "2325"]
[PlyCount "177"]
[EventDate "2023.07.14"]
[EventType "tourn"]
[EventRounds "9"]
[EventCountry "ENG"]
[EventCategory "6"]
[SourceTitle "CBM 215 Extra"]
[Source "ChessBase"]
[SourceDate "2023.09.30"]
[SourceVersion "1"]
[SourceVersionDate "2023.09.30"]
[SourceQuality "1"]

1. d4 d5 2. c4 e6 3. Nc3 Nf6 4. cxd5 exd5 5. Bg5 c6 6. Qc2 g6 7. e3 Bf5 8. Bd3 Bxd3 9. Qxd3 Bg7 10. Nf3 0-0 11. 0-0 Nbd7 12. b4 a6 13. a4 h6 14. Bh4 b5 15. Ra2 Qc7 16. Rfa1 Qb7 17. Nd2 Rfe8 18. Nb3 Bf8 19. Na5 Qb6 20. Qb1 Rac8 21. Qb3 Re6 22. axb5 axb5 23. Rc2 Ra8 24. Ne2 g5 25. Bg3 Ne4 26. Rac1 Nxg3 27. Nxg3 Nb8 28. Nf5 Bxb4 29. Qxb4 Qxa5 30. Qb1 Qd8 31. g4 Qf6 32. Ra2 Rxa2 33. Qxa2 h5 34. h3 Re8 35. Qa7 Qe6 36. Ra1 hxg4 37. hxg4 Qe4 38. Nh6+ Kg7 39. Qxf7+ Kxh6 40. Qh5+ Kg7 41. Ra7+ Re7 42. Qxg5+ Kf7 43. Rxe7+ Qxe7 44. Qf4+ Kg6 45. Qxb8 Qe4 46. Qg8+ Kh6 47. Qh8+ Kg6 48. Qh5+ Kg7 49. Qg5+ Kf7 50. Qh5+ Kg7 51. g5 Qg6 52. Qg4 Qe4 53. Qd7+ Kg6 54. Qxc6+ Kxg5 55. Qc3 Kg4 56. Kf1 Kf3 57. Qb3 Qe6 58. Qxb5 Qh3+ 59. Ke1 Qh1+ 60. Qf1 Qh7 61. Qe2+ Kg2 62. Qg4+ Kh2 63. Ke2 Qc2+ 64. Kf3 Qd1+ 65. Kf4 Qc2 66. Qh5+ Kg1 67. Qxd5 Qxf2+ 68. Qf3 Qa2 69. d5 Qa6 70. Qd1+ Kh2 71. Qd2+ Kh3 72. d6 Qc4+ 73. Ke5 Qc5+ 74. Kf6 Qc8 75. Qd5 Qf8+ 76. Qf7 Qd8+ 77. Qe7 Qh8+ 78. Qg7 Qd8+ 79. Ke5 Qa5+ 80. Kf4 Qa4+ 81. e4 Qa3 82. Qg4+ Kh2 83. Qe2+ Kh1 84. Qf3+ Qxf3+ 85. Kxf3 Kh2 86. d7 Kh1 87. d8R Kh2 88. Rd1 Kh3 89. Rh1# 1-0

[Event "South Wales op 18th"]
[Site "Bridgend"]
[Date "2023.07.11"]
[Round "7"]
[White "Rudd, Jack"]
[Black "Kozusek, Daniel"]
[Result "1-0"]
[WhiteElo "2276"]
[BlackElo "2359"]
[PlyCount "81"]
[EventDate "2023.07.07"]
[EventType "swiss"]
[EventRounds "9"]
[EventCountry "WLS"]
[SourceTitle "CBM 215 Extra"]
[Source "ChessBase"]
[SourceDate "2023.09.30"]
[SourceVersion "1"]
[SourceVersionDate "2023.09.30"]
[SourceQuality "1"]

1. d4 d5 2. c4 e6 3. Nc3 Bb4 4. cxd5 exd5 5. Nf3 Nf6 6. Bg5 h6 7. Bxf6 Qxf6 8. e3 0-0 9. a3 Bxc3+ 10. bxc3 c5 11. Be2 Nc6 12. 0-0 Be6 13. Rb1 b6 14. Ne1 Qe7 15. a4 c4 16. g3 Bh3 17. Ng2 Bxg2 18. Kxg2 f5 19. Bf3 Rad8 20. Rb5 Qe6 21. h4 Na5 22. Qc2 Nb3 23. Rb1 g5 24. hxg5 hxg5 25. R1xb3 cxb3 26. Qxb3 Kg7 27. Bxd5 Qd6 28. c4 Rf6 29. a5 Rd7 30. axb6 axb6 31. Bf3 g4 32. Bd5 Rh6 33. Kg1 Ra7 34. Qb2 Ra3 35. Bg2 Rd3 36. Rxf5 Rd1+ 37. Bf1 Kg8 38. Qe2 Qg6 39. Rf4 Qb1 40. Qxg4+ Rg6 41. Qc8+ 1-0

[Event "BCF-chT 2223 (4NCL)"]
[Site "England"]
[Date "2023.05.01"]
[Round "11.5"]
[White "Gormally, Daniel"]
[Black "Rudd, Jack"]
[Result "1-0"]
[WhiteElo "2460"]
[BlackElo "2324"]
[PlyCount "47"]
[EventDate "2022.10.22"]
[EventType "team-swiss"]
[EventRounds "11"]
[EventCountry "ENG"]
[SourceTitle "EXT 2024"]
[Source "ChessBase"]
[SourceDate "2023.10.10"]
[SourceVersion "1"]
[SourceVersionDate "2023.10.10"]
[SourceQuality "1"]
[WhiteTeam "Blackthorne Russia"]
[BlackTeam "West is Best"]
[WhiteTeamCountry "ENG"]
[BlackTeamCountry "ENG"]

1. d4 Nf6 2. Nf3 d5 3. c4 c6 4. Nc3 e6 5. Bg5 dxc4 6. e4 b5 7. e5 h6 8. Bh4 g5 9. Bg3 Nd5 10. Nd2 Nd7 11. Be2 N7b6 12. 0-0 Bb7 13. a4 Nxc3 14. bxc3 Nd5 15. Ne4 a6 16. Qc2 Qd7 17. Bh5 0-0-0 18. Rfb1 Rg8 19. h3 Rg7 20. Rb2 Be7 21. Be2 Nf4 22. Bxc4 bxc4 23. Rab1 Nd5 24. Qe2 1-0

[Event "BCF-chT 2223 (4NCL)"]
[Site "England"]
[Date "2023.02.11"]
[Round "5.3"]
[White "Grieve, Harry"]
[Black "Rudd, Jack"]
[Result "1-0"]
[WhiteElo "2410"]
[BlackElo "2324"]
[PlyCount "75"]
[EventDate "2022.10.22"]
[EventType "team-swiss"]
[EventRounds "11"]
[EventCountry "ENG"]
[SourceTitle "CBM 213 Extra"]
[Source "ChessBase"]
[SourceDate "2023.05.31"]
[SourceVersion "1"]
[SourceVersionDate "2023.05.31"]
[SourceQuality "1"]
[WhiteTeam "The Sharks"]
[BlackTeam "West is Best"]
[WhiteTeamCountry "ENG"]
[BlackTeamCountry "ENG"]

1. e4 c5 2. Nf3 d6 3. d4 cxd4 4. Nxd4 Nf6 5. Nc3 a6 6. Bg5 e6 7. f4 Be7 8. Qf3 Qc7 9. 0-0-0 Nbd7 10. g4 b5 11. Bxf6 Nxf6 12. g5 Nd7 13. f5 Bxg5+ 14. Kb1 Ne5 15. Qh5 Qe7 16. Nxe6 Bxe6 17. fxe6 g6 18. exf7+ Kxf7 19. Qh3 Kg7 20. Nd5 Qf7 21. Be2 Qf2 22. Nc7 Bf6 23. Nxa8 Rxa8 24. Bd3 Qc5 25. Rhf1 Rf8 26. Qe6 Nc6 27. Qd5 Qxd5 28. exd5 Ne5 29. h3 Rc8 30. Rf4 Rc5 31. Be2 a5 32. a3 Nc4 33. Bxc4 bxc4 34. Rdf1 Be5 35. Rf7+ Kh6 36. Rb7 Rxd5 37. a4 g5 38. Rb5 1-0

[Event "GBR-ch 108th"]
[Site "Torquay"]
[Date "2022.08.21"]
[Round "9"]
[White "Rudd, Jack"]
[Black "Turner, Max N"]
[Result "1/2-1/2"]
[WhiteElo "2318"]
[BlackElo "2247"]
[PlyCount "125"]
[EventDate "2022.08.13"]
[EventType "swiss"]
[EventRounds "9"]
[EventCountry "ENG"]
[SourceTitle "CBM 209 Extra"]
[Source "ChessBase"]
[SourceDate "2022.09.30"]
[SourceVersion "1"]
[SourceVersionDate "2022.09.30"]
[SourceQuality "1"]

1. d4 d5 2. c4 e6 3. Nc3 Nf6 4. cxd5 exd5 5. Bg5 c6 6. Qc2 Be7 7. e3 h6 8. Bh4 0-0 9. Bd3 Re8 10. Nf3 Nbd7 11. 0-0 Ne4 12. Bxe4 Bxh4 13. Bh7+ Kh8 14. Bf5 Be7 15. Rab1 a5 16. a3 Bd6 17. b4 Nf6 18. Bxc8 Qxc8 19. Na4 Qc7 20. Nc5 Ne4 21. g3 Qe7 22. Rb3 axb4 23. axb4 g5 24. Nxe4 dxe4 25. Nd2 f5 26. Nc4 f4 27. f3 fxg3 28. fxe4 gxh2+ 29. Kh1 b5 30. Nxd6 Qxd6 31. e5 Qd5+ 32. e4 Qc4 33. Qxc4 bxc4 34. Rc3 Ra2 35. Rf6 Kg7 36. Rxc4 Rd2 37. Rfxc6 Rf8 38. Rf6 Rxf6 39. exf6+ Kxf6 40. Rc6+ Kg7 41. d5 g4 42. Rc3 Kf6 43. Rg3 h5 44. Rg2 Rd1+ 45. Kxh2 Ke5 46. b5 Rb1 47. Rd2 h4 48. Kg2 Rxb5 49. d6 Rb8 50. d7 Rd8 51. Rd5+ Kxe4 52. Rg5 Kf4 53. Rd5 h3+ 54. Kh2 Ke4 55. Rd1 Kf3 56. Rd3+ Kf2 57. Rd2+ Ke3 58. Rd6 Ke4 59. Kg3 Ke5 60. Rd2 Ke6 61. Kxg4 Rxd7 62. Rxd7 Kxd7 63. Kxh3 1/2-1/2

[Event "GBR-ch 108th"]
[Site "Torquay"]
[Date "2022.08.17"]
[Round "5"]
[White "Rudd, Jack"]
[Black "Dishman, Stephen"]
[Result "1-0"]
[WhiteElo "2318"]
[BlackElo "2248"]
[PlyCount "67"]
[EventDate "2022.08.13"]
[EventType "swiss"]
[EventRounds "9"]
[EventCountry "ENG"]
[SourceTitle "CBM 209 Extra"]
[Source "ChessBase"]
[SourceDate "2022.09.30"]
[SourceVersion "1"]
[SourceVersionDate "2022.09.30"]
[SourceQuality "1"]

1. d4 d5 2. c4 c6 3. Nf3 Nf6 4. Nc3 dxc4 5. e4 b5 6. e5 Nd5 7. a4 e6 8. axb5 Nxc3 9. bxc3 cxb5 10. Ng5 Bb7 11. Qh5 g6 12. Qg4 Be7 13. h4 h5 14. Qf4 Bxg5 15. hxg5 Nd7 16. Ba3 Nb6 17. Bd6 Nd5 18. Qd2 Ne7 19. Rh3 a5 20. g4 h4 21. f4 Nc8 22. Bc5 Qd5 23. 0-0-0 Ne7 24. Qf2 Kd7 25. f5 gxf5 26. Bxe7 Kxe7 27. gxf5 exf5 28. Be2 Qg2 29. Qxf5 Qxe2 30. d5 Rhf8 31. d6+ Kd8 32. Qf6+ Kc8 33. d7+ Kb8 34. Qd6+ 1-0